| 000 | 00761nam a2200277 a 4500 | ||
|---|---|---|---|
| 003 | AR-BaBNM | ||
| 005 | 20251128204650.0 | ||
| 008 | 082120s2002 ||||||||||||||000 | spa|| | ||
| 020 | _a956-13-1100-3 | ||
| 040 | _cAR-BaBNM | ||
| 100 | 1 | _aBeuchat, Cecilia | |
| 245 | 0 | 0 |
_aUn ratón de biblioteca _btexto para estimular el gusto por la lectura. 4 |
| 250 | _a1ª ed. | ||
| 260 |
_aSantiago de Chile _bEditorial Andrés Bello _c1993 |
||
| 300 |
_a112 p. _bil. |
||
| 650 | 4 | _aCUENTOS | |
| 650 | 4 | _aLITERATURA INFANTIL | |
| 650 | 4 | _aPOESIA | |
| 650 | 4 | _aINICIACION EN LA LECTURA | |
| 650 | 4 | _aMEJORA DE LA LECTURA | |
| 655 | _aLITERATURA | ||
| 700 | 1 | _aMaldonado, Clementina | |
| 700 | 1 |
_aCarrasco, Marta _eilustrador |
|
| 942 | _cBK | ||
| 998 | _cisola | ||
| 999 |
_c8296 _d8296 |
||